000 00531nam a2200181Ia 4500
005 20250326125202.0
008 250326s9999 xx 000 0 und d
037 _aTextbook
040 _aFMSL
_beng
_cFMSL
041 _aeng
_2eng
084 _aX(Y33):77 K8
_qFMSL
100 _aRothenberg J
_9738615
245 0 _aEconomic evaluation of Urban renewal
_cRothenberg J
260 _aWashington
_bWashington, Brookings Institution
_c1968
300 _a277p
942 _cTB
_hX(Y33):77 K8
999 _c1276917
_d1276917